| 000 | 00504nam a2200205 i 4500 | ||
|---|---|---|---|
| 001 | 4097582 | ||
| 005 | 20180126072757.0 | ||
| 008 | 750913s1975 caua 000 0 eng | ||
| 010 | _a 74029673 | ||
| 020 |
_a0890851549 : _c$2.95 |
||
| 040 |
_aDLC _cDLC _dDLC |
||
| 041 | _aeng | ||
| 080 | _a635 | ||
| 082 | 0 | 0 | _a635 PAT |
| 100 | 1 | _a9 | |
| 101 | _aMJE | ||
| 245 | 1 | 0 |
_aGrowing vegetables and herbs / _cBryce L. Patterson. |
| 906 |
_a7 _bcbc _corignew _d2 _eocip _f19 _gy-gencatlg |
||
| 942 |
_2ddc _cBK |
||
| 999 |
_c40987 _d40987 |
||